Memorias de la Academia Ecuatoriana de la Lengua correspondiente de la Real Española. Número 79, Tomo I.

Detalles Bibliográficos
Autor Corporativo: Academia Ecuatoriana (Editor)
Formato: Electrónico eBook
Lenguaje:español
Publicado: Quito, Ecuador : [Cuenca, Ecuador] : Academia Ecuatoriana de la Lengua ; [Universidad del Azuay, Casa Editora], 2020.
Edición:Primera edición.
Materias:
Acceso en línea:Digitalia Hispánica

MARC

LEADER 00000nam a2200000 i 4500
001 DIGUAZUAY0103
003 NyNyDIG
007 cr |||||||||||
008 260113s2020 ec ob 000 0 spa d
006 m o d
035 |a (OCoLC)1569883630 
040 |a DGITA  |b eng  |e rda  |e pn  |c DGITA 
020 |a 9789942822888  |q eBook 
020 |z 9789942822840 
043 |a s-ec--- 
050 1 4 |a PQ8201 ebook 
245 0 0 |a Memorias de la Academia Ecuatoriana de la Lengua correspondiente de la Real Española.  |n Número 79,  |p Tomo I. 
246 1 4 |a Academia Ecuatoriana de la Lengua :  |b memorias.  |n No. 79,  |p Tomo I 
246 3 |a Memorias 79.  |p Tomo I 
250 |a Primera edición. 
264 1 |a Quito, Ecuador :  |b Academia Ecuatoriana de la Lengua ;  |a [Cuenca, Ecuador] :  |b [Universidad del Azuay, Casa Editora],  |c 2020. 
300 |a 1 online resource. 
336 |a text  |b txt  |2 rdacontent 
337 |a computer  |b c  |2 rdamedia 
338 |a online resource  |b cr  |2 rdacarrier 
347 |a text file  |2 rdaft 
347 |b PDF 
504 |a Includes bibliographical references. 
588 0 |a Online resource; title from PDF title page (Digitalia, viewed January 13, 2026) 
650 0 |a Ecuadorian literature  |x History and criticism. 
650 0 |a Spanish language  |z Ecuador. 
710 2 |a Academia Ecuatoriana,  |e editor. 
791 2 |a Digitalia (Firm),  |e distributor. 
793 0 |g Digitalia eBook Collection:  |a Universidad del Azuay 
776 0 8 |i Print version:  |t Memorias de la Academia Ecuatoriana de la Lengua correspondiente de la Real Española. Número 79, Tomo I.  |b Primera edición.  |d Quito, Ecuador : Academia Ecuatoriana de la Lengua ; [Cuenca, Ecuador] : [Universidad del Azuay, Casa Editora], [2020]  |z 9789942822840 
856 4 0 |3 Digitalia Hispánica  |u https://www.digitaliapublishing.com/a/133487/ 
910 |a Premium collection: 2026